[Event "Aut_chT1112"]
[Site "Jenbach"]
[Date "2012.03.01"]
[Round "4"]
[Board "3"]
[White "Pinter, Jozsef"]
[Black "Atlas, Valery"]
[Result "0-1"]
[WhiteElo "2548"]
[BlackElo "2413"]
[PlyCount "100"]
[EventDate "2012.01.20"]
[EventType "team"]
[EventRounds "11"]
[EventCountry "AUT"]
[WhiteTeam "SK Sparkasse Fuerstenfeld"]
[BlackTeam "SK Hohenems"]

1. d4 Nf6 2. c4 c5 3. d5 e5 4. Nc3 d6 5. e4 Nbd7 6. g3 Be7 7. h4 a6 8. a4 b6 9.
Bh3 O-O 10. Ra3 Rb8 11. Qe2 Ne8 12. Nf3 Nc7 13. Bg5 h6 14. Bd2 b5 15. axb5 axb5
16. cxb5 Rb7 17. O-O Nb6 18. Bxc8 Qxc8 19. Rb1 Qd7 20. b4 c4 21. Be3 Nxb5 22.
Nxb5 Qxb5 23. Nd2 Rc8 24. Ra5 Qd7 25. Bxb6 Rxb6 26. Nxc4 Rb7 27. Ra2 Bd8 28.
Kg2 Bb6 29. b5 Bc5 30. Na5 Rb6 31. Nc6 Rb7 32. Qf3 Rf8 33. Rbb2 Kh8 34. Ra6 f5
35. exf5 Rxf5 36. Ra8+ Kh7 37. Qe4 g6 38. f3 Bb6 39. Rba2 Kg7 40. Qd3 h5 41.
R2a4 Rf6 42. Qe4 Kh7 43. Qc2 Qg7 44. Ra3 Rbf7 45. Qe4 Qh6 46. Qe2 Qc1 47. Ra1
Qc5 48. Rf1 Rxf3 49. Qxf3 Rxf3 50. Kxf3 Qe3+ 0-1

[Event "Aut_chT1112"]
[Site "Jenbach"]
[Date "2012.03.01"]
[Round "4"]
[Board "4"]
[White "Froewis, Georg"]
[Black "Schenk, Andreas"]
[Result "1/2-1/2"]
[WhiteElo "2407"]
[BlackElo "2499"]
[PlyCount "119"]
[EventDate "2012.01.20"]
[EventType "team"]
[EventRounds "11"]
[EventCountry "AUT"]
[WhiteTeam "SK Hohenems"]
[BlackTeam "SK Sparkasse Fuerstenfeld"]

1. d4 d5 2. Nf3 Nf6 3. c4 e6 4. Nc3 c6 5. Bg5 h6 6. Bh4 dxc4 7. e4 g5 8. Bg3 b5
9. Be2 Bb7 10. Qc2 Nbd7 11. Rd1 Nh5 12. d5 cxd5 13. exd5 exd5 14. Nxd5 Nxg3 15.
hxg3 Bg7 16. O-O Nf6 17. Bxc4 O-O 18. Nc3 Qb6 19. Nxb5 Ne4 20. Rfe1 Rac8 21.
Rxe4 Qxb5 22. Bxb5 Rxc2 23. Re7 Rb8 24. Ba4 Rxb2 25. Bb3 Bf6 26. Rc7 Bxf3 27.
gxf3 Bd8 28. Rcd7 Bb6 29. Bxf7+ Kh8 30. R1d2 Rxd2 31. Rxd2 Rd8 32. Re2 Kg7 33.
Bb3 Rd6 34. Kg2 Rd4 35. Re7+ Kf6 36. Re6+ Kg7 37. Re2 Rd6 38. Kh3 h5 39. Kg2
Kf6 40. Rc2 Ba5 41. f4 gxf4 42. Rc5 Bb6 43. Rxh5 fxg3 44. fxg3 Kg6 45. Rh8 Rd7
46. Rg8+ Rg7 47. Rf8 Rd7 48. Re8 Rd4 49. Kh3 Rd8 50. Re6+ Kg5 51. Bc2 Rh8+ 52.
Kg2 Rh6 53. Re5+ Kf6 54. Rf5+ Kg7 55. g4 Rd6 56. Bb3 Rd3 57. Rg5+ Kf6 58. Rg8
Rd2+ 59. Kf3 Rd3+ 60. Ke2 1/2-1/2

[Event "Aut_chT1112"]
[Site "Jenbach"]
[Date "2012.03.01"]
[Round "4"]
[Board "5"]
[White "Poetz, Florian"]
[Black "Novkovic, Milan"]
[Result "0-1"]
[WhiteElo "2419"]
[BlackElo "2381"]
[PlyCount "84"]
[EventDate "2012.01.20"]
[EventType "team"]
[EventRounds "11"]
[EventCountry "AUT"]
[WhiteTeam "SK Sparkasse Fuerstenfeld"]
[BlackTeam "SK Hohenems"]

1. e4 e6 2. d4 d5 3. Nc3 dxe4 4. Nxe4 Nd7 5. Nf3 Ngf6 6. Nxf6+ Nxf6 7. Bc4 a6
8. a4 b6 9. O-O Bb7 10. Qe2 Be7 11. Bg5 Nd5 12. Bd2 O-O 13. Ne5 c5 14. Ra3 cxd4
15. Rh3 g6 16. Qe4 Bg5 17. Bxd5 Bxd5 18. Qxd4 Bxg2 19. Qxd8 Rfxd8 20. Kxg2 Rxd2
21. Nf3 Rd5 22. c4 Rf5 23. Rd1 Rd8 24. Rxd8+ Bxd8 25. Nd4 Rg5+ 26. Kf1 Bf6 27.
Ne2 Bxb2 28. Rb3 Bf6 29. Rxb6 Ra5 30. c5 Rxa4 31. c6 Be5 32. Kg2 Kg7 33. h3 Kf6
34. Nc1 Bd4 35. Rb7 Rc4 36. Nb3 Bc3 37. Rb6 a5 38. Ra6 a4 39. Nc1 a3 40. Ne2
Bb2 41. Kf3 Ke5 42. Ra7 Rxc6 0-1

[Event "Aut_chT1112"]
[Site "Jenbach"]
[Date "2012.03.01"]
[Round "4"]
[Board "1"]
[White "Antoniewski, Rafal"]
[Black "Bosiocic, Marin"]
[Result "1/2-1/2"]
[WhiteElo "2559"]
[BlackElo "2562"]
[PlyCount "59"]
[EventDate "2012.01.20"]
[EventType "team"]
[EventRounds "11"]
[EventCountry "AUT"]
[WhiteTeam "ASVOE Wulkaprodersdorf"]
[BlackTeam "ASVOE Signum Druck St. Veit/Glan"]

1. e4 e5 2. Nf3 Nc6 3. Bb5 a6 4. Ba4 Nf6 5. O-O Be7 6. d3 b5 7. Bb3 d6 8. a4 b4
9. a5 O-O 10. c3 bxc3 11. bxc3 Be6 12. Nbd2 h6 13. Bxe6 fxe6 14. Re1 Qd7 15.
Nc4 Rab8 16. Bd2 Rb5 17. d4 Rfb8 18. dxe5 Nxe5 19. Ncxe5 dxe5 20. Qe2 Bc5 21.
h3 Qc6 22. Kh1 Bd6 23. Nh2 Rb2 24. Nf1 Qb5 25. Qf3 Kh7 26. Bc1 Rc2 27. Nd2 Qc6
28. Re3 Bc5 29. Rd3 Ba7 30. Ba3 1/2-1/2

[Event "Aut_chT1112"]
[Site "Jenbach"]
[Date "2012.03.01"]
[Round "4"]
[Board "2"]
[White "Prohaszka, Peter"]
[Black "Polzin, Rainer"]
[Result "1/2-1/2"]
[WhiteElo "2553"]
[BlackElo "2460"]
[PlyCount "72"]
[EventDate "2012.01.20"]
[EventType "team"]
[EventRounds "11"]
[EventCountry "AUT"]
[WhiteTeam "ASVOE Signum Druck St. Veit/Glan"]
[BlackTeam "ASVOE Wulkaprodersdorf"]

1. d4 Nf6 2. c4 g6 3. g3 c5 4. Nf3 cxd4 5. Nxd4 Bg7 6. Nc3 O-O 7. Bg2 Qc7 8. b3
d5 9. Ndb5 Qa5 10. Bd2 dxc4 11. bxc4 Qd8 12. O-O Nc6 13. Rc1 Be6 14. Na4 Qc8
15. Bf4 Bh3 16. Qb3 Qf5 17. Qf3 Rad8 18. Bxh3 Qxh3 19. Rfd1 Ng4 20. Qg2 Qh5 21.
Rd5 Nge5 22. Bxe5 Nxe5 23. Nbc3 Rxd5 24. Qxd5 b6 25. Kg2 e6 26. Qb5 Rc8 27. Rd1
Qg4 28. c5 bxc5 29. Nxc5 Qc4 30. Qxc4 Nxc4 31. N3a4 Bf8 32. Nd3 Nb6 33. Nxb6
axb6 34. Rb1 Ra8 35. Rxb6 Rxa2 36. Kf3 Ra7 1/2-1/2

[Event "Aut_chT1112"]
[Site "Jenbach"]
[Date "2012.03.01"]
[Round "4"]
[Board "3"]
[White "Schneider, Ilja"]
[Black "Rogic, Davor"]
[Result "1/2-1/2"]
[WhiteElo "2480"]
[BlackElo "2571"]
[PlyCount "112"]
[EventDate "2012.01.20"]
[EventType "team"]
[EventRounds "11"]
[EventCountry "AUT"]
[WhiteTeam "ASVOE Wulkaprodersdorf"]
[BlackTeam "ASVOE Signum Druck St. Veit/Glan"]

1. d4 c5 2. e4 cxd4 3. Nf3 e5 4. c3 dxc3 5. Nxc3 d6 6. Bc4 Nc6 7. Be3 Be7 8.
Qb3 Na5 9. Qa4+ Bd7 10. Bb5 Nc6 11. Nd5 Nf6 12. Bb6 axb6 13. Qxa8 Qxa8 14. Nc7+
Kf8 15. Nxa8 Bd8 16. Nd2 Ke7 17. O-O Nd4 18. a4 Nxb5 19. axb5 Bxb5 20. Rfc1 Bc6
21. b4 b5 22. f3 Ke6 23. Nb3 Nd7 24. Kf1 g6 25. Ra7 f5 26. Na5 Bxa5 27. bxa5
Nc5 28. a6 fxe4 29. axb7 Rb8 30. Nc7+ Kd7 31. Na6 Rxb7 32. Nxc5+ dxc5 33. Rxb7+
Bxb7 34. Rxc5 Kd6 35. Rc3 b4 36. Rb3 exf3 37. gxf3 Kc5 38. Ke2 e4 39. fxe4 Bxe4
40. Kd2 Kc4 41. Re3 Bf5 42. Re7 h5 43. Rc7+ Kb3 44. h4 Kb2 45. Rb7 b3 46. Rb6
Be4 47. Rb4 Bc2 48. Rb6 Bf5 49. Rb5 Ka2 50. Kc3 Bc2 51. Ra5+ Kb1 52. Ra6 Bd1
53. Rxg6 Kc1 54. Rb6 Bc2 55. Rb7 Bd1 56. Rb5 Bc2 1/2-1/2

[Event "Aut_chT1112"]
[Site "Jenbach"]
[Date "2012.03.01"]
[Round "4"]
[Board "5"]
[White "Abel, Dennes"]
[Black "Hoelzl, Franz"]
[Result "1-0"]
[WhiteElo "2427"]
[BlackElo "2336"]
[PlyCount "35"]
[EventDate "2012.01.20"]
[EventType "team"]
[EventRounds "11"]
[EventCountry "AUT"]
[WhiteTeam "ASVOE Wulkaprodersdorf"]
[BlackTeam "ASVOE Signum Druck St. Veit/Glan"]

1. c4 e6 2. Nc3 b6 3. Nf3 Bb7 4. g3 g5 5. Bg2 g4 6. Nh4 Nc6 7. h3 h5 8. d4 Bg7
9. d5 Na5 10. Qd3 Ba6 11. b3 Ne7 12. Bg5 f6 13. Bd2 f5 14. Rd1 O-O 15. hxg4
hxg4 16. Bg5 Nb7 17. dxe6 dxe6 18. Qe3 1-0

[Event "Aut_chT1112"]
[Site "Jenbach"]
[Date "2012.03.01"]
[Round "4"]
[Board "6"]
[White "Kaspret, Guido"]
[Black "Kopinits, Anna-Christina"]
[Result "1/2-1/2"]
[WhiteElo "2292"]
[BlackElo "2257"]
[PlyCount "144"]
[EventDate "2012.01.20"]
[EventType "team"]
[EventRounds "11"]
[EventCountry "AUT"]
[WhiteTeam "ASVOE Signum Druck St. Veit/Glan"]
[BlackTeam "ASVOE Wulkaprodersdorf"]

1. c4 Nf6 2. Nf3 c5 3. Nc3 Nc6 4. d4 cxd4 5. Nxd4 e6 6. g3 Bc5 7. Nb3 Be7 8.
Bg2 O-O 9. O-O b6 10. Bf4 Ba6 11. Nb5 d5 12. Nc7 Bxc4 13. Nxa8 Qxa8 14. Re1 e5
15. Bg5 Rd8 16. Nd2 Ba6 17. Qa4 Bb7 18. Rac1 h6 19. Bxf6 Bxf6 20. b4 Bg5 21. e3
e4 22. f4 exf3 23. Nxf3 Bf6 24. b5 Ne5 25. Nxe5 Bxe5 26. Rcd1 Bc3 27. Re2 d4
28. Bxb7 Qxb7 29. Qc4 Rc8 30. Qd3 dxe3 31. Qxe3 Bb4 32. Qe4 Bc5+ 33. Kg2 Qc7
34. Qe5 Qb7+ 35. Qd5 Qxd5+ 36. Rxd5 a6 37. bxa6 Ra8 38. Kf3 Rxa6 39. Ke4 Ra7
40. Rd8+ Kh7 41. Kd5 Kg6 42. Kc6 Ra4 43. Kb7 f5 44. Ra8 Rxa8 45. Kxa8 Kf6 46.
a4 g5 47. Rc2 Be3 48. Rc6+ Kg7 49. Re6 f4 50. g4 Bc5 51. Re5 f3 52. Rf5 f2 53.
h3 Be3 54. Rf3 Bd4 55. Kb7 Bc5 56. Kc6 Bd4 57. Kd5 Be3 58. Ke4 Bc5 59. Kd3 Kg6
60. Ke2 Kg7 61. Rc3 Bd4 62. Rc7+ Kg6 63. Ra7 Bc5 64. Ra6 Kg7 65. Ra7+ Kg6 66.
Rc7 Bd4 67. Rc6+ Kg7 68. Rd6 Bc5 69. Rd5 Be3 70. Kf1 Kg6 71. Kg2 Kg7 72. Rf5
Bd4 1/2-1/2

[Event "Aut_chT1112"]
[Site "Jenbach"]
[Date "2012.03.01"]
[Round "4"]
[Board "1"]
[White "Ragger, Markus"]
[Black "Bromberger, Stefan"]
[Result "1/2-1/2"]
[WhiteElo "2654"]
[BlackElo "2513"]
[PlyCount "67"]
[EventDate "2012.01.20"]
[EventType "team"]
[EventRounds "11"]
[EventCountry "AUT"]
[WhiteTeam "SK MPOE Maria Saal"]
[BlackTeam "SIR Bernhard Glatz"]

1. Nf3 Nf6 2. c4 g6 3. g3 Bg7 4. Bg2 O-O 5. O-O d6 6. Nc3 e5 7. d3 Nc6 8. Rb1
a5 9. a3 Bd7 10. b4 axb4 11. axb4 Qc8 12. b5 Nd4 13. Bg5 Re8 14. Nd2 Ng4 15. e3
h6 16. exd4 hxg5 17. b6 c6 18. Nde4 Qb8 19. d5 f5 20. Nxg5 e4 21. dxc6 bxc6 22.
Qb3 e3 23. c5+ Kh8 24. f3 e2 25. fxg4 exf1=Q+ 26. Rxf1 dxc5 27. gxf5 c4 28.
Qxc4 Qxb6+ 29. Kh1 Qd4 30. Nf7+ Kg8 31. Nh6+ Kh8 32. Nf7+ Kg8 33. Nh6+ Kh8 34.
Nf7+ 1/2-1/2

[Event "Aut_chT1112"]
[Site "Jenbach"]
[Date "2012.03.01"]
[Round "4"]
[Board "2"]
[White "Geske, Julian"]
[Black "Pavasovic, Dusko"]
[Result "1-0"]
[WhiteElo "2383"]
[BlackElo "2557"]
[PlyCount "139"]
[EventDate "2012.01.20"]
[EventType "team"]
[EventRounds "11"]
[EventCountry "AUT"]
[WhiteTeam "SIR Bernhard Glatz"]
[BlackTeam "SK MPOE Maria Saal"]

1. e4 e5 2. Nf3 Nc6 3. Bb5 a6 4. Ba4 Nf6 5. O-O Be7 6. Re1 b5 7. Bb3 d6 8. c3
O-O 9. h3 Rb8 10. d4 exd4 11. cxd4 d5 12. exd5 Nxd5 13. Bxd5 Qxd5 14. Nc3 Qd8
15. d5 Na5 16. Bf4 Bb7 17. b3 b4 18. Na4 Bf6 19. Rc1 Qxd5 20. Bxc7 Qxd1 21.
Rexd1 Bxf3 22. gxf3 Rb5 23. Rc5 Nb7 24. Rxb5 axb5 25. Nb6 Bc3 26. Rd5 Na5 27.
Nd7 Ra8 28. Nb8 f6 29. Rxb5 Nxb3 30. axb3 Ra3 31. Nc6 Rxb3 32. Ba5 Kf7 33. Kg2
Rb2 34. Bxb4 Be1 35. Rb7+ Kg6 36. Ne7+ Kh5 37. Rb5+ Kh6 38. Nd5 Bxf2 39. Nf4
Bh4+ 40. Kf1 Rb1+ 41. Ke2 Bg5 42. Nd3 Rh1 43. Bf8 Rxh3 44. Rb7 Rh2+ 45. Kf1 Kg6
46. Rxg7+ Kf5 47. Rc7 h5 48. Bb4 h4 49. Nf2 Bf4 50. Rc5+ Kg6 51. Rc4 Bg3 52.
Rg4+ Kf7 53. Bc5 f5 54. Rg5 Kf6 55. Rg8 Kf7 56. Rf8+ Ke6 57. Be3 f4 58. Ba7 h3
59. Rg8 Kf5 60. Bd4 Ke6 61. Bb6 Kf5 62. Bc5 Ke6 63. Rh8 Bxf2 64. Bxf2 Rh1+ 65.
Ke2 h2 66. Be1 Kf5 67. Rh3 Kg6 68. Kf2 Kf5 69. Bc3 Rc1 70. Be1 1-0

[Event "Aut_chT1112"]
[Site "Jenbach"]
[Date "2012.03.01"]
[Round "4"]
[Board "3"]
[White "Tratar, Marko"]
[Black "Pitl, Gregory"]
[Result "1-0"]
[WhiteElo "2499"]
[BlackElo "2388"]
[PlyCount "97"]
[EventDate "2012.01.20"]
[EventType "team"]
[EventRounds "11"]
[EventCountry "AUT"]
[WhiteTeam "SK MPOE Maria Saal"]
[BlackTeam "SIR Bernhard Glatz"]

1. c4 Nf6 2. Nc3 e5 3. Nf3 Nc6 4. g3 d5 5. cxd5 Nxd5 6. Bg2 Nb6 7. O-O Be7 8.
a3 O-O 9. b4 Be6 10. Rb1 f6 11. d3 Nd4 12. Ne1 Nd5 13. Bb2 a5 14. Nxd5 Bxd5 15.
Bxd5+ Qxd5 16. e4 Qb3 17. Bxd4 Qxd1 18. Rxd1 exd4 19. Nc2 Rfd8 20. Rb1 axb4 21.
axb4 Ra2 22. Rfc1 c6 23. Kf1 Kf7 24. Ne1 Rda8 25. Nc2 Rd8 26. Rb3 Kg6 27. Ne1
Rda8 28. Nf3 Bd8 29. b5 Ra1 30. Rbb1 Rxb1 31. Rxb1 c5 32. Nd2 Ra3 33. Rb3 Ra1+
34. Kg2 Ba5 35. Nc4 b6 36. Kf3 Bb4 37. h4 Ra2 38. Rb2 Ra1 39. Nxb6 Ra5 40. Nd7
Ra7 41. Nb6 Rb7 42. Na4 Kf7 43. b6 Ke7 44. Rc2 Kd6 45. Nb2 Kc6 46. Nc4 Re7 47.
Ra2 Rb7 48. Ra8 Re7 49. h5 1-0

[Event "Aut_chT1112"]
[Site "Jenbach"]
[Date "2012.03.01"]
[Round "4"]
[Board "4"]
[White "Schramm, Christian"]
[Black "Kreisl, Robert"]
[Result "1/2-1/2"]
[WhiteElo "2371"]
[BlackElo "2400"]
[PlyCount "75"]
[EventDate "2012.01.20"]
[EventType "team"]
[EventRounds "11"]
[EventCountry "AUT"]
[WhiteTeam "SIR Bernhard Glatz"]
[BlackTeam "SK MPOE Maria Saal"]

1. e4 c6 2. d4 d5 3. Nc3 dxe4 4. Nxe4 Bf5 5. Ng3 Bg6 6. h4 h6 7. Nf3 Nd7 8. h5
Bh7 9. Bd3 Bxd3 10. Qxd3 e6 11. Bd2 Ngf6 12. O-O-O Be7 13. Kb1 O-O 14. Ne4 c5
15. Nxf6+ Nxf6 16. g4 Nxg4 17. Rhg1 Nxf2 18. Qe2 Nxd1 19. Bxh6 Kh7 20. Bxg7 Rg8
21. Qe4+ f5 22. Qxe6 Nc3+ 23. Ka1 Rxg7 24. Rg6 Bg5 25. Rxg7+ Kxg7 26. Qg6+ Kf8
27. Nxg5 Qd5 28. bxc3 cxd4 29. c4 Qxc4 30. Qxf5+ Ke7 31. Qe5+ Kd7 32. Ne4 Rf8
33. Qd6+ Ke8 34. Qb8+ Ke7 35. Qe5+ Kd7 36. Qd6+ Ke8 37. Qb8+ Ke7 38. Qe5+
1/2-1/2

[Event "Aut_chT1112"]
[Site "Jenbach"]
[Date "2012.03.01"]
[Round "4"]
[Board "5"]
[White "Halvax, Georg"]
[Black "Mons, Leon"]
[Result "0-1"]
[WhiteElo "2277"]
[BlackElo "2298"]
[PlyCount "94"]
[EventDate "2012.01.20"]
[EventType "team"]
[EventRounds "11"]
[EventCountry "AUT"]
[WhiteTeam "SK MPOE Maria Saal"]
[BlackTeam "SIR Bernhard Glatz"]

1. e4 g6 2. d4 Bg7 3. Nc3 d6 4. Be3 a6 5. f3 b5 6. Qd2 Nd7 7. Nge2 Bb7 8. g4 c5
9. Bg2 Rc8 10. Nd1 Nb6 11. b3 cxd4 12. Bxd4 Bxd4 13. Qxd4 e5 14. Qb2 Nf6 15.
Ne3 h5 16. g5 Nfd7 17. h4 O-O 18. O-O-O Qc7 19. Rd2 a5 20. Rhd1 Qc5 21. Rd3 b4
22. Bh3 Ba6 23. c4 bxc3 24. Nxc3 Bxd3 25. Rxd3 Rfd8 26. Kb1 Rb8 27. Qd2 a4 28.
Rxd6 axb3 29. axb3 Nc4 30. Nxc4 Qxc4 31. Bxd7 Rxb3+ 32. Kc2 Ra8 33. Ba4 Rxa4
34. Rxg6+ Kh7 35. Rh6+ Kg7 36. Rg6+ Kxg6 37. Qd6+ Qe6 38. Qxe6+ fxe6 39. Kxb3
Ra1 40. Na4 Rh1 41. Nc5 Rxh4 42. Nxe6 Rh3 43. Kc4 Rxf3 44. Kd5 h4 45. Kxe5 h3
46. Nd4 Rf2 47. Nf5 Kxg5 0-1

[Event "Aut_chT1112"]
[Site "Jenbach"]
[Date "2012.03.01"]
[Round "4"]
[Board "1"]
[White "Farago, Ivan"]
[Black "Polak, Tomas"]
[Result "1/2-1/2"]
[WhiteElo "2500"]
[BlackElo "2535"]
[PlyCount "126"]
[EventDate "2012.01.20"]
[EventType "team"]
[EventRounds "11"]
[EventCountry "AUT"]
[WhiteTeam "ASVOE Poechlarn/Mauerbach"]
[BlackTeam "SK Zwettl"]

1. d4 Nf6 2. c4 e6 3. Nf3 b6 4. g3 Bb7 5. Bg2 Bb4+ 6. Bd2 a5 7. O-O O-O 8. Bf4
Be7 9. Nc3 Ne4 10. Rc1 d6 11. Qd3 Nxc3 12. Rxc3 Nd7 13. Ng5 Bxg5 14. Bxb7 Rb8
15. Bxg5 Qxg5 16. Bc6 Qe7 17. a3 Nf6 18. e4 e5 19. b4 Rfd8 20. d5 axb4 21. axb4
Ng4 22. Qe2 Nh6 23. f4 f5 24. exf5 Nxf5 25. Qe4 Nd4 26. Re3 Nxc6 27. dxc6 Qe6
28. Qd5 Re8 29. fxe5 Qxd5 30. cxd5 dxe5 31. Rfe1 Kf7 32. Rxe5 Rxe5 33. Rxe5 Kf6
34. Re6+ Kf7 35. Kf2 Rd8 36. Re5 Kf6 37. Re6+ Kf7 38. Re5 Kf6 39. Rh5 h6 40.
Ke3 g6 41. Rxh6 Rxd5 42. Rh7 Rb5 43. Rxc7 Rxb4 44. Rb7 b5 45. c7 Rc4 46. Kd3
Ke6 47. h4 Kd7 48. Ke3 Rxc7 49. Rxb5 Ke6 50. Kf4 Kf6 51. Rb6+ Kf7 52. g4 Rc5
53. Rb7+ Kf6 54. g5+ Ke6 55. Rb6+ Kf7 56. Rf6+ Kg7 57. Rd6 Rc4+ 58. Ke5 Rxh4
59. Rd7+ Kg8 60. Kf6 Ra4 61. Re7 Ra6+ 62. Re6 Ra8 63. Kxg6 Rb8 1/2-1/2

[Event "Aut_chT1112"]
[Site "Jenbach"]
[Date "2012.03.01"]
[Round "4"]
[Board "2"]
[White "Likavsky, Tomas"]
[Black "Tuncer, Ufuk"]
[Result "0-1"]
[WhiteElo "2486"]
[BlackElo "2287"]
[PlyCount "116"]
[EventDate "2012.01.20"]
[EventType "team"]
[EventRounds "11"]
[EventCountry "AUT"]
[WhiteTeam "SK Zwettl"]
[BlackTeam "ASVOE Poechlarn/Mauerbach"]

1. d4 Nf6 2. c4 g6 3. Nc3 Bg7 4. e4 d6 5. Nf3 O-O 6. Be2 e5 7. Be3 h6 8. h3
exd4 9. Nxd4 Re8 10. Bf3 Nbd7 11. O-O Nc5 12. Qc2 Nh7 13. b4 Ng5 14. bxc5 Bxd4
15. Bxg5 Qxg5 16. cxd6 cxd6 17. Rad1 Be5 18. Nd5 Bxh3 19. Nc7 Qf4 20. Rfe1 Be6
21. Rc1 Rac8 22. Nxe8 Rxe8 23. Qd3 Qh2+ 24. Kf1 Bf4 25. Rc2 g5 26. g3 Be5 27.
Bg2 b6 28. a4 Rc8 29. Rec1 Rc5 30. Qe3 Kf8 31. Bf3 g4 32. Bg2 Qh5 33. Kg1 Qg5
34. Qxg5 hxg5 35. Bf1 Ra5 36. Ra2 b5 37. Rb1 bxa4 38. Ra3 Bd4 39. Bd3 Bc5 40.
Ra2 a3 41. Rb3 Kg7 42. Kg2 Kf6 43. f4 gxf3+ 44. Kxf3 Ke5 45. g4 Ra4 46. Rb7 Rb4
47. Rxb4 Bxb4 48. Bf1 Kd4 49. Rc2 f6 50. Rc1 Bc3 51. Rc2 a5 52. Be2 Bxc4 53.
Bxc4 Kxc4 54. Ke3 Kb3 55. Kd3 Bb4 56. Rc4 a2 57. Rc1 Kb2 58. Rc2+ Kb1 0-1

[Event "Aut_chT1112"]
[Site "Jenbach"]
[Date "2012.03.01"]
[Round "4"]
[Board "3"]
[White "Kostic, Vladimir"]
[Black "Blatny, Pavel"]
[Result "1-0"]
[WhiteElo "2424"]
[BlackElo "2396"]
[PlyCount "47"]
[EventDate "2012.01.20"]
[EventType "team"]
[EventRounds "11"]
[EventCountry "AUT"]
[WhiteTeam "ASVOE Poechlarn/Mauerbach"]
[BlackTeam "SK Zwettl"]

1. Nf3 b6 2. e4 Bb7 3. Bc4 e6 4. Qe2 Qc8 5. O-O Ba6 6. d4 Nf6 7. Bxa6 Qxa6 8.
c4 d6 9. Nc3 Nfd7 10. e5 c6 11. d5 Nxe5 12. Nxe5 dxe5 13. dxe6 f6 14. f4 Bc5+
15. Kh1 exf4 16. Ne4 Be7 17. Bxf4 O-O 18. Rad1 Qc8 19. Ng3 Re8 20. Nf5 Bc5 21.
Qg4 g6 22. Rd7 Bf8 23. Bxb8 Qxb8 24. Qh4 1-0

[Event "Aut_chT1112"]
[Site "Jenbach"]
[Date "2012.03.01"]
[Round "4"]
[Board "4"]
[White "Schroll, Gerhard"]
[Black "Weinzettl, Ernst"]
[Result "1/2-1/2"]
[WhiteElo "2388"]
[BlackElo "2301"]
[PlyCount "44"]
[EventDate "2012.01.20"]
[EventType "team"]
[EventRounds "11"]
[EventCountry "AUT"]
[WhiteTeam "SK Zwettl"]
[BlackTeam "ASVOE Poechlarn/Mauerbach"]

1. d4 e6 2. c4 d5 3. Nc3 c5 4. cxd5 exd5 5. Nf3 Nc6 6. g3 Nf6 7. Bg2 Be7 8. O-O
O-O 9. dxc5 Bxc5 10. Na4 Be7 11. b3 Bg4 12. Bb2 Qd7 13. Rc1 Rfe8 14. Nc5 Bxc5
15. Rxc5 Qe7 16. Rc2 Nb4 17. Bxf6 Qxf6 18. Rd2 Qa6 19. h3 Bh5 20. g4 Bg6 21.
Nh4 Nxa2 22. Nxg6 hxg6 1/2-1/2

[Event "Aut_chT1112"]
[Site "Jenbach"]
[Date "2012.03.01"]
[Round "4"]
[Board "5"]
[White "Penz, Harald"]
[Black "Pisk, Petr"]
[Result "1/2-1/2"]
[WhiteElo "2349"]
[BlackElo "2385"]
[PlyCount "60"]
[EventDate "2012.01.20"]
[EventType "team"]
[EventRounds "11"]
[EventCountry "AUT"]
[WhiteTeam "ASVOE Poechlarn/Mauerbach"]
[BlackTeam "SK Zwettl"]

1. e4 c5 2. c3 d5 3. exd5 Qxd5 4. d4 Nc6 5. Nf3 cxd4 6. cxd4 e5 7. Nc3 Bb4 8.
Bd2 Bxc3 9. Bxc3 e4 10. Ne5 Nxe5 11. dxe5 Ne7 12. Be2 O-O 13. O-O Bf5 14. Qc1
Qe6 15. Rd1 Qg6 16. Qe3 h6 17. Bb4 Rfe8 18. Bb5 Nc6 19. Rd6 Re6 20. Bxc6 bxc6
21. Rc1 a5 22. Ba3 Qg5 23. Qxg5 hxg5 24. Rxe6 Bxe6 25. Rxc6 Bxa2 26. Kf1 Rb8
27. Ke2 Rb5 28. Rc5 Rxc5 29. Bxc5 Kh7 30. Ke3 Bb1 1/2-1/2

[Event "Aut_chT1112"]
[Site "Jenbach"]
[Date "2012.03.01"]
[Round "4"]
[Board "6"]
[White "Vyskocil, Neklan"]
[Black "Loidl, Florian"]
[Result "1-0"]
[WhiteElo "2320"]
[BlackElo "2195"]
[PlyCount "71"]
[EventDate "2012.01.20"]
[EventType "team"]
[EventRounds "11"]
[EventCountry "AUT"]
[WhiteTeam "SK Zwettl"]
[BlackTeam "ASVOE Poechlarn/Mauerbach"]

1. d4 d5 2. Nf3 Nf6 3. c4 c6 4. e3 Bf5 5. Nc3 e6 6. Nh4 Bg6 7. Qb3 Qc7 8. g3
Nbd7 9. Nxg6 hxg6 10. Bg2 Bd6 11. e4 dxe4 12. Nxe4 Nxe4 13. Bxe4 O-O 14. O-O
Rad8 15. Bg5 Nf6 16. Bg2 Rd7 17. Rfd1 Nh7 18. Be3 Rfd8 19. Rac1 b6 20. Qa4 c5
21. Bc6 Re7 22. b4 cxd4 23. Rxd4 e5 24. Rd2 Re6 25. c5 Bf8 26. Rxd8 Qxd8 27.
cxb6 axb6 28. Qb5 Qf6 29. Bd5 Rd6 30. Rc7 Ng5 31. Bxg5 Qxg5 32. Qe8 Rxd5 33.
Qxf7+ Kh7 34. Qxd5 Bxb4 35. Rc8 Qh5 36. h4 1-0

[Event "Aut_chT1112"]
[Site "Jenbach"]
[Date "2012.03.01"]
[Round "4"]
[Board "1"]
[White "Lenic, Luka"]
[Black "Kunin, Vitaly"]
[Result "0-1"]
[WhiteElo "2637"]
[BlackElo "2524"]
[PlyCount "93"]
[EventDate "2012.01.20"]
[EventType "team"]
[EventRounds "11"]
[EventCountry "AUT"]
[WhiteTeam "SV Raika Rapid Feffernitz"]
[BlackTeam "SpGem. Kufstein Woergl"]

1. Nf3 c5 2. c4 Nc6 3. d4 cxd4 4. Nxd4 Nf6 5. Nc3 e6 6. a3 Bc5 7. Nb3 Be7 8. e4
O-O 9. Be2 b6 10. Bf4 d6 11. O-O Bb7 12. Re1 Rc8 13. Rc1 a6 14. Bf1 Ne5 15. Nd2
Nfd7 16. Bg3 g5 17. b4 Kh8 18. f3 Rg8 19. Bf2 Bf6 20. Na4 Bc6 21. Nc3 Bb7 22.
Rc2 Rg6 23. Na4 Bc6 24. Nb2 Qf8 25. Nb3 Qg7 26. Nd4 Bb7 27. g3 Nc6 28. Nxc6
Bxc6 29. Qxd6 Bxb2 30. b5 Be5 31. Qe7 Bf6 32. Qd6 Ne5 33. bxc6 Nxf3+ 34. Kh1
Rh6 35. h3 Nxe1 36. Bxe1 Be5 37. Qd7 Rc7 38. Bc3 Qf6 39. Rf2 Rxd7 40. Rxf6 Bxc3
41. Rxh6 Rc7 42. Rh5 Bd2 43. h4 g4 44. c5 b5 45. Rd5 exd5 46. exd5 Ba5 47. Bg2
0-1

[Event "Aut_chT1112"]
[Site "Jenbach"]
[Date "2012.03.01"]
[Round "4"]
[Board "2"]
[White "Zelbel, Patrick"]
[Black "Sebenik, Matej"]
[Result "0-1"]
[WhiteElo "2379"]
[BlackElo "2529"]
[PlyCount "120"]
[EventDate "2012.01.20"]
[EventType "team"]
[EventRounds "11"]
[EventCountry "AUT"]
[WhiteTeam "SpGem. Kufstein Woergl"]
[BlackTeam "SV Raika Rapid Feffernitz"]

1. e4 c5 2. c3 Nf6 3. e5 Nd5 4. Nf3 Nc6 5. Bc4 Nb6 6. Bb3 c4 7. Bc2 d6 8. exd6
e5 9. O-O Be6 10. b3 Bxd6 11. d3 cxb3 12. axb3 h6 13. Nbd2 Nd5 14. Bb2 O-O 15.
Nc4 Bc7 16. Re1 Nf4 17. Bc1 Qf6 18. Bxf4 Qxf4 19. Qe2 Rfe8 20. Ncd2 Rad8 21.
Ra4 Qf6 22. b4 b5 23. Ra6 Bb6 24. h3 Bf5 25. Ne4 Qe7 26. Nfd2 Bc8 27. Raa1 f5
28. Ng3 Qg5 29. Kh1 Kh8 30. Nb3 Qh4 31. Qf3 e4 32. dxe4 Ne5 33. Qh5 Qxh5 34.
Nxh5 fxe4 35. Rxe4 Bf5 36. Re2 Bxc2 37. Rxc2 Nd3 38. f3 Rc8 39. Nc5 Nxc5 40.
bxc5 Rxc5 41. Ng3 b4 42. Ne4 Rc6 43. Rb1 a5 44. Ra2 Rxe4 45. fxe4 Rxc3 46. Rd2
b3 47. Ra1 Bc7 48. Kg1 Rc4 49. Kf2 a4 50. Ke3 Be5 51. Rb1 Rc3+ 52. Rd3 Rxd3+
53. Kxd3 a3 54. Rxb3 a2 55. Ra3 a1=Q 56. Rxa1 Bxa1 57. h4 Kg8 58. Kc4 Bf6 59.
h5 Kf7 60. Kd5 Ke7 0-1

[Event "Aut_chT1112"]
[Site "Jenbach"]
[Date "2012.03.01"]
[Round "4"]
[Board "3"]
[White "Okhotnik, Vladimir"]
[Black "Koepke, Christian"]
[Result "1/2-1/2"]
[WhiteElo "2489"]
[BlackElo "2398"]
[PlyCount "61"]
[EventDate "2012.01.20"]
[EventType "team"]
[EventRounds "11"]
[EventCountry "AUT"]
[WhiteTeam "SV Raika Rapid Feffernitz"]
[BlackTeam "SpGem. Kufstein Woergl"]

1. e4 c5 2. Nf3 d6 3. c3 Nf6 4. h3 Nc6 5. d4 cxd4 6. cxd4 Nxe4 7. d5 Qa5+ 8.
Nc3 Nxc3 9. bxc3 Ne5 10. Qb3 Nd7 11. Be3 Qc7 12. Be2 Nf6 13. Bd4 g6 14. Bb5+
Bd7 15. Rb1 Bg7 16. Bxd7+ Qxd7 17. Qxb7 Qxb7 18. Rxb7 O-O 19. O-O Nxd5 20. Bxg7
Kxg7 21. c4 Nb6 22. Rxe7 Nxc4 23. Rc1 d5 24. Ng5 h6 25. Nf3 Kf6 26. Rce1 Rfd8
27. Rc7 Rdc8 28. Rd7 Rd8 29. Rc7 Rdc8 30. Rd7 Rd8 31. Rc7 1/2-1/2